Proceedings of the 6th Asian Apicultural Association (AAA) International Conference and World Apiexpo 2002, 24 Feb-1 March 2002, Bangalore, India. (Record no. 42440)

MARC details
000 -LEADER
fixed length control field 00459nam a2200133Ia 4500
082 ## - DEWEY DECIMAL CLASSIFICATION NUMBER
Classification number 638.1:061.3(5)
Item number SIV
100 ## - MAIN ENTRY--AUTHOR NAME
Personal name Anita, M
245 #0 - TITLE STATEMENT
Title Proceedings of the 6th Asian Apicultural Association (AAA) International Conference and World Apiexpo 2002, 24 Feb-1 March 2002, Bangalore, India.
260 ## - PUBLICATION, DISTRIBUTION, ETC. (IMPRINT)
Place of publication Bangalore
Name of publisher Century Foundation
Year of publication 2005
650 ## - SUBJECT ADDED ENTRY--TOPICAL TERM
Topical Term Bee keeping
700 ## - ADDED ENTRY--PERSONAL NAME
Personal name Sivaram, V
942 ## - ADDED ENTRY ELEMENTS (KOHA)
Koha item type Books
Holdings
Withdrawn status Lost status Damaged status Not for loan Home library Current library Date acquired Cost, normal purchase price Full call number Accession Number Koha item type
        RRII Library RRII Library 16/12/2021 600.00 638.1:061.3(5) SIV 22712 Books